Microeconomics theory / applications

Gespeichert in:
Bibliographische Detailangaben
1. Verfasser: Mansfield, Edwin
Format: Buch
Sprache:Englisch
Veröffentlicht: New York W. W. Norton and Company 1988
Ausgabe:6. ed.
Schlagworte:
Tags: Tag hinzufügen
Keine Tags, Fügen Sie das erste Tag hinzu!

MARC

LEADER 00000nam a2200000 4500
001 c019347
005 20221206134402.1
020 |a 0-393-95635-0 
041 0 |a eng 
044 |a US 
245 1 0 |a Microeconomics  |b theory / applications  |c Edwin Mansfield 
250 |a 6. ed. 
264 1 |a New York  |b W. W. Norton and Company  |c 1988 
300 |a 599 s. 
610 2 0 |a mikroekonomika 
610 2 0 |a dopyt spotrebiteľský 
610 2 0 |a dopyt 
610 2 0 |a ponuka 
610 2 0 |a trh 
610 2 0 |a firmy 
610 2 0 |a ceny 
610 2 0 |a výroba 
610 2 0 |a rozhodovanie 
610 2 0 |a technológia 
610 2 0 |a náklady 
100 1 |a Mansfield, Edwin